La Madonna de las Siete Colinas

Saved in:
Bibliografiske detaljer
Hovedforfatter: Plaidy, Jean (Author)
Format: Bog
Sprog:spansk
Udgivet: Buenos Aires Javier Vergara Editor 1983
Serier:Romántica Bolsillo, 53
Fag:
Tags: Tilføj Tag
Ingen Tags, Vær først til at tagge denne postø!

MARC

LEADER 00000cam a2200000 a 4500
001 UCG9183
003 CL-VaPUC
008 120127e19830000AG |||||||||||||||||spa|d
020 |a 9501515257 
082 0 4 |a 823.914  |b PLA  |2 21 
100 0 |a Plaidy, Jean  |e author  |9 560645 
245 1 3 |a La Madonna de las Siete Colinas 
300 |a 360 p 
942 |c BK 
945 |d 20120127 00:00:00  |a dcastane 
260 |a Buenos Aires  |b Javier Vergara Editor  |c 1983 
600 0 7 |a LOS BORGIA  |2 CL-VaPUC  |9 560646 
650 0 |a Historia de Italia  |9 362027 
650 0 |a Ficción   |9 376687 
650 7 |a ESTADOS PAPALES  |2 CL-VaPUC  |9 560647 
583 |a last modification  |c 20120127 09:50:00  |k Rodrigo Vera 
490 0 |a Romántica Bolsillo, 53 
999 |c 346750  |d 346748 
952 |0 0  |1 0  |4 0  |6 823_914000000000000_PLA_1983  |7 0  |8 A  |9 447567  |a BIBEDU  |b BIBEDU  |d 2019-11-22  |i 4839064  |o 823.914 PLA 1983  |p 4839064  |r 2019-11-22  |w 2019-11-22  |y BK  |k EPE